An international redistribution of wealth and power : (Record no. 45577)
[ view plain ]
| 000 -LEADER | |
|---|---|
| fixed length control field | 01298pam a2200361 i 4500 |
| 001 - CONTROL NUMBER | |
| control field | 45577 |
| 003 - CONTROL NUMBER IDENTIFIER | |
| rucl marc code | BD-RJUL |
| 005 - DATE AND TIME OF LATEST TRANSACTION | |
| control field | 20211209054033.0 |
| 008 - FIXED-LENGTH DATA ELEMENTS--GENERAL INFORMATION | |
| fixed length control field | 160727s1979 nyu b 001 0 eng |
| 020 ## - INTERNATIONAL STANDARD BOOK NUMBER | |
| International Standard Book Number | 0080224784 |
| 035 ## - SYSTEM CONTROL NUMBER | |
| System control number | BD-RJUL 45695 |
| System control number | (OCoLC)04549799 |
| System control number | GLIS00079536 |
| 040 ## - CATALOGING SOURCE | |
| Original cataloging agency | DLC |
| Transcribing agency | DLC |
| Modifying agency | MYG |
| Language of cataloging | eng |
| 041 ## - LANGUAGE CODE | |
| Language code of text/sound track or separate title | eng |
| 082 ## - DEWEY DECIMAL CLASSIFICATION NUMBER | |
| Edition number | 23 |
| Classification number | 342.7 |
| Author mark and year | MEI 1981 |
| 099 ## - LOCAL FREE-TEXT CALL NUMBER (OCLC) | |
| Bangla Class number | K3823.M3 |
| 100 1# - MAIN ENTRY--PERSONAL NAME | |
| Personal name | Meagher, Robert F. |
| 9 (RLIN) | 139522 |
| 245 13 - TITLE STATEMENT | |
| Title | An international redistribution of wealth and power : |
| Remainder of title | a study of the Charter of economic rights and duties of States / |
| Statement of responsibility, etc. | Robert F. Meagher. |
| 260 ## - PUBLICATION, DISTRIBUTION, ETC. (IMPRINT) | |
| Place of publication, distribution, etc. | New York : |
| Name of publisher, distributor, etc. | Pergamon Press, |
| Date of publication, distribution, etc. | c1979 [Printing 1981] |
| 300 ## - PHYSICAL DESCRIPTION | |
| Pagination | xvii, 303 p. ; |
| Size | 24 cm. |
| 490 1# - SERIES STATEMENT | |
| Series statement | Pergamon policy studies ; |
| Volume/sequential designation | no. 21 |
| 500 ## - GENERAL NOTE | |
| General note | "The Charter of economic rights and duties of States": p. 181-193. |
| General note | Includes index. |
| 504 ## - BIBLIOGRAPHY, ETC. NOTE | |
| Bibliography, etc | Bibliography: p. 287-298. |
| 600 ## - SUBJECT ADDED ENTRY--PERSONAL NAME | |
| Chronological subdivision | |
| 610 20 - SUBJECT ADDED ENTRY--CORPORATE NAME | |
| Corporate name or jurisdiction name as entry element | United Nations. |
| Subordinate unit | General Assembly. |
| 650 #0 - SUBJECT ADDED ENTRY--TOPICAL TERM | |
| Topical term or geographic name as entry element | International economic relations. |
| 9 (RLIN) | 139524 |
| 710 2# - ADDED ENTRY--CORPORATE NAME | |
| Corporate name or jurisdiction name as entry element | United Nations. |
| Subordinate unit | General Assembly. |
| Title of a work | Charter of Economic Rights and Duties of States. |
| Date of a work | 1979. |
| 9 (RLIN) | 139525 |
| 830 #0 - SERIES ADDED ENTRY--UNIFORM TITLE | |
| Uniform title | Pergamon policy studies ; |
| Volume number/sequential designation | no. 21. |
| 942 ## - ADDED ENTRY ELEMENTS (KOHA) | |
| Source of classification or shelving scheme | Dewey Decimal Classification |
| Koha item type | Books |
| Lost status | Source of classification or shelving scheme | Damaged status | Not for loan | Collection code | Permanent Location | Current Location | Shelving location | Date acquired | Source of acquisition | Cost, normal purchase price | Total Checkouts | Full call number | Date last seen | Copy number | Koha item type |
|---|---|---|---|---|---|---|---|---|---|---|---|---|---|---|---|
| Dewey Decimal Classification | Non-fiction | Central Library, University of Rajshahi | Central Library, University of Rajshahi | 13/08/1984 | A.B.A., cal. | 418.00 | 342.7 MEI 1981 | 27/07/2016 | C-2 | Books | |||||
| Dewey Decimal Classification | Not For Loan | Non-fiction | Central Library, University of Rajshahi | Central Library, University of Rajshahi | Reading Room | 13/08/1984 | A.B.A., cal | 418.00 | 342.7 MEI 1981 | 06/09/2016 | C-1 | Books | |||
| Dewey Decimal Classification | Non-fiction | Central Library, University of Rajshahi | Central Library, University of Rajshahi | 20/03/1983 | 342.7 MEI 1981 | 26/12/2016 | C-3 | Books |